| 000 | 00713nam a22002537a 4500 | ||
|---|---|---|---|
| 001 | 51491 | ||
| 003 | BD-RjUL | ||
| 005 | 20211209075653.0 | ||
| 008 | 160831m19821976us a|||| b||| 001 0 eng d | ||
| 020 | _a0070715955 | ||
| 035 | _a(BD-RjUL)51611 | ||
| 040 |
_aBD-RjUL _beng _cBD-RjUL _dBD-RjUL |
||
| 041 | _aeng | ||
| 082 |
_223 _a330 _bWOE 1982 |
||
| 100 |
_aWonnacott, Paul _9131280 |
||
| 245 |
_aEconomics / _cPaul Wonnacott ; Ronald Wonnacott |
||
| 250 | _a2nd ed. | ||
| 260 |
_aNew York : _bMcGraw-Hill book, _c1982. |
||
| 300 |
_axxxiz, 858 p. : _bill ; _c25 cm. |
||
| 504 | _aIncludes Bibliography and index | ||
| 650 |
_aEconomics _9153965 |
||
| 700 |
_aWonnacott, Ronald _9131282 |
||
| 942 |
_2ddc _cBK |
||
| 999 |
_c51491 _d51491 |
||